Musharraf's Pakistan, Bush's America & the Middle East / (Record no. 15411)
[ view plain ]
| 000 -LEADER | |
|---|---|
| fixed length control field | 01121cam a22003254a 4500 |
| 001 - CONTROL NUMBER | |
| control field | 15438008 |
| 005 - DATE AND TIME OF LATEST TRANSACTION | |
| control field | 20170105102917.0 |
| 008 - FIXED-LENGTH DATA ELEMENTS--GENERAL INFORMATION | |
| fixed length control field | 080904s2008 pk b 001 0 eng |
| 010 ## - LIBRARY OF CONGRESS CONTROL NUMBER | |
| LC control number | 2008344259 |
| 020 ## - INTERNATIONAL STANDARD BOOK NUMBER | |
| International Standard Book Number | 9789694025100 |
| 025 ## - OVERSEAS ACQUISITION NUMBER | |
| Overseas acquisition number | P-E-2008344259; 28 |
| 040 ## - CATALOGING SOURCE | |
| Original cataloging agency | DLC |
| Transcribing agency | DLC |
| Modifying agency | DLC |
| 042 ## - AUTHENTICATION CODE | |
| Authentication code | lcode |
| 043 ## - GEOGRAPHIC AREA CODE | |
| Geographic area code | a-pk--- |
| -- | n-us--- |
| -- | aw----- |
| 050 00 - LIBRARY OF CONGRESS CALL NUMBER | |
| Classification number | DS389 |
| Item number | .F36 2008 |
| 100 1# - MAIN ENTRY--PERSONAL NAME | |
| Personal name | Faruqui, Ahmad. |
| 245 10 - TITLE STATEMENT | |
| Title | Musharraf's Pakistan, Bush's America & the Middle East / |
| Statement of responsibility, etc. | by Ahmed Faruqui. |
| 246 1# - VARYING FORM OF TITLE | |
| Title proper/short title | Musharraf's Pakistan, Bush's America and the Middle East |
| 260 ## - PUBLICATION, DISTRIBUTION, ETC. | |
| Place of publication, distribution, etc. | Lahore : |
| Name of publisher, distributor, etc. | Vanguard Books, |
| Date of publication, distribution, etc. | 2008. |
| 300 ## - PHYSICAL DESCRIPTION | |
| Extent | xiv, 235 p. ; |
| Dimensions | 24 cm. |
| 504 ## - BIBLIOGRAPHY, ETC. NOTE | |
| Bibliography, etc. note | Includes bibliographical references and index. |
| 600 10 - SUBJECT ADDED ENTRY--PERSONAL NAME | |
| Personal name | Musharraf, Pervez. |
| 600 10 - SUBJECT ADDED ENTRY--PERSONAL NAME | |
| Personal name | Bush, George W. |
| Fuller form of name | (George Walker), |
| Dates associated with a name | 1946- |
| 651 #0 - SUBJECT ADDED ENTRY--GEOGRAPHIC NAME | |
| Geographic name | Pakistan |
| General subdivision | Politics and government |
| Chronological subdivision | 1988- |
| 651 #0 - SUBJECT ADDED ENTRY--GEOGRAPHIC NAME | |
| Geographic name | United States |
| General subdivision | Politics and government |
| Chronological subdivision | 2001-2009. |
| 651 #0 - SUBJECT ADDED ENTRY--GEOGRAPHIC NAME | |
| Geographic name | Middle East |
| General subdivision | Politics and government |
| Chronological subdivision | 1979- |
| 906 ## - LOCAL DATA ELEMENT F, LDF (RLIN) | |
| a | 7 |
| b | cbc |
| c | origode |
| d | 3 |
| e | ncip |
| f | 20 |
| g | y-gencatlg |
| 942 ## - ADDED ENTRY ELEMENTS (KOHA) | |
| Source of classification or shelving scheme | |
| Koha item type | Book |
| Withdrawn status | Lost status | Damaged status | Not for loan | Collection code | Permanent Location | Current Location | Shelving location | Date acquired | Total Checkouts | Full call number | Barcode | Date last seen | Price effective from | Koha item type |
|---|---|---|---|---|---|---|---|---|---|---|---|---|---|---|
| Centre for International Peace & Stability (CIPS) | Centre for International Peace & Stability (CIPS) | General Stacks | 10/02/2013 | 954.9105 FAR 2008 | CIPS0002451 | 12/02/2013 | 12/02/2013 | Book |
